| 000 | 00674nam a2200205 a 4500 | ||
|---|---|---|---|
| 003 | PILC | ||
| 005 | 20150112093436.0 | ||
| 008 | 101028s19uu xx 00 eng d | ||
| 020 | _a9718935037 | ||
| 050 |
_aDS 686.614 _b.P34 2004 |
||
| 082 |
_aSFf 079.599 _bP54 2004 |
||
| 100 |
_aGarcellano, Rosario A. (ed.) _916046 |
||
| 245 |
_aPage one book two : _bPhilippine Daily Inquirer front pages 1996-2001 / |
||
| 260 |
_aPhilippines : _bPhilippine Daily Inquirer, _c2004. |
||
| 300 |
_a243 pages : _bcolored illustration ; |
||
| 650 |
_aNews-Headlines _916047 |
||
| 700 |
_aUlanday, Abelardo S. (ed.) _916048 |
||
| 700 |
_aYambot, Isagani M. (ed.) _916049 |
||
| 942 |
_2lcc _cBK |
||
| 999 |
_c14559 _d14559 |
||